Best resumes for college students and new grads: jump-start your career!. / (Record no. 6866)
[ view plain ]
| 000 -LEADER | |
|---|---|
| fixed length control field | 00840nam a22001577a 4500 |
| 008 - FIXED-LENGTH DATA ELEMENTS--GENERAL INFORMATION | |
| fixed length control field | 190806b xxu||||| |||| 00| 0 eng d |
| 020 ## - INTERNATIONAL STANDARD BOOK NUMBER | |
| International Standard Book Number | 1563709007 |
| 050 ## - LIBRARY OF CONGRESS CALL NUMBER | |
| Classification number | HF5383.K867 |
| 100 ## - MAIN ENTRY--PERSONAL NAME | |
| Personal name | Kursmark, Louise M. |
| 245 ## - TITLE STATEMENT | |
| Title | Best resumes for college students and new grads: jump-start your career!. / |
| Statement of responsibility, etc. | Louise M. Kursmark. |
| 260 ## - PUBLICATION, DISTRIBUTION, ETC. | |
| Place of publication, distribution, etc. | Indianapolis: |
| Name of publisher, distributor, etc. | Jist works, |
| Date of publication, distribution, etc. | 2003. |
| 300 ## - PHYSICAL DESCRIPTION | |
| Extent | vi, 218 p.: |
| Dimensions | 28 cm. |
| 500 ## - GENERAL NOTE | |
| General note | Includes index |
| 505 ## - FORMATTED CONTENTS NOTE | |
| Formatted contents note | Contents: Working toward your new career -- Writing your resume -- Managing your job search- online and off -- Writing effective job search letters -- Resumes for associate degree graduates -- Resumes for internship and co-op applicants -- Resumes for graduates with bachelor's degrees -- Resumes for graduates with advance degrees -- Resumes for nontraditional students. |
| 942 ## - ADDED ENTRY ELEMENTS (KOHA) | |
| Source of classification or shelving scheme | Library of Congress Classification |
| Koha item type | Books |
| Withdrawn status | Lost status | Source of classification or shelving scheme | Damaged status | Not for loan | Home library | Current library | Shelving location | Date acquired | Total Checkouts | Full call number | Barcode | Date last seen | Price effective from | Koha item type |
|---|---|---|---|---|---|---|---|---|---|---|---|---|---|---|
| Library of Congress Classification | WISCONSIN INTERNATIONAL UNIVERSITY COLLEGE, GHANA - MAIN LIBRARY | WISCONSIN INTERNATIONAL UNIVERSITY COLLEGE, GHANA - MAIN LIBRARY | General Stacks | 06/08/2019 | HF5383.K867 | 8137/099/16 | 06/08/2019 | 06/08/2019 | Books |
